005220000a22001690004500003001100000005001700011008004100028040003900069041000800108082001800116100002900134245004200163260003200205300004000237650004600277650002900323LK-CoMWRAF20231218120923.0230817t1993 ||||| |||| 00| 0 eng d aLK-CoMWRAFdLK-CoMWRAFeLK-CoMWRAF aeng a305.4098bBAR aBarbieri, M. Teresita de aWomen and the crisis in Latin America aPeru:bEntre Mujeres,c1993 a53 p.; 21 cmbBibliography included aWomen- Latin America- Economic conditions aWomen- Social conditions